| 000 | 00564nam a2200181Ia 4500 | ||
|---|---|---|---|
| 003 | GCL | ||
| 008 | 140319s9999 xx 000 0 ara d | ||
| 040 |
_aGCL / _cGCL |
||
| 082 | 0 | 4 |
_a980.01 _bش هـ |
| 100 | 1 | _aشورز، وليم ليتل | |
| 245 | 1 | 0 |
_aهذا العالم الجديد : حضارة امريكا اللاتينية / _cشورز، وليم ليتل |
| 700 | 1 | _aمحمد سيد نصر (مترجم) | |
| 300 | _a555 ص | ||
| 490 | _a | ||
| 650 | 0 | 4 | _aامريكا الجنوبية |
| 650 | 0 | 4 | _aالحضارة القديمة |
| 942 |
_2ddc _cBK |
||
| 999 |
_c41967 _d41967 |
||